000 00789nam a22001937a 4500
005 20170801142741.0
020 _a9789350359532
_c795.00
035 _aB-667298
037 _adpl
_bAakar
082 _a000
100 _aGupta, Vinay Kumar
245 _aUniversal's guide to Delhi judicial service :
_cby Vinay Kumar Gupta
_bpreliminary examination /
250 _a9th. ed
260 _aGurgaon
_bUniversal Law Publishing
_c2017
270 _a14th Floor, Building No.10, Tower-B, DLF Cyber City, Phase-II
_bGurgaon
_e122002
300 _av,857p.
_c25cm(pbk)
942 _2ddc
_cEN
_mGUP
_h000
999 _c102147
_d102147